Devinez la Capitale Mystère #73 - Statistiques

Statistiques générales
  • Ce quiz a été pris 126 fois
  • Le résultat moyen est 30 sur 35
Statistiques - réponses
Type de Réponse Réponse % Correct
Lettre Trouvée A
100%
Lettre de l'Alphabet E
100%
Lettre Trouvée I
100%
Lettre de l'Alphabet R
100%
Lettre Trouvée S
100%
Lettre Bien Placée A
99%
Lettre Trouvée N
99%
Lettre de l'Alphabet P
99%
Lettre Trouvée T
99%
Lettre Trouvée O
98%
Lettre Bien Placée I
97%
Lettre de l'Alphabet L
97%
Lettre de l'Alphabet B
93%
Lettre de l'Alphabet H
92%
Lettre de l'Alphabet M
91%
Lettre de l'Alphabet D
90%
Lettre Trouvée G
90%
Lettre de l'Alphabet K
90%
Lettre de l'Alphabet U
90%
Lettre de l'Alphabet C
88%
Lettre de l'Alphabet W
88%
Lettre Bien Placée G
84%
Lettre Bien Placée N
82%
Lettre Bien Placée A
77%
Lettre de l'Alphabet Y
77%
Lettre de l'Alphabet V
75%
Lettre de l'Alphabet J
73%
Lettre de l'Alphabet X
71%
Lettre Bien Placée S
68%
Lettre de l'Alphabet Z
66%
Lettre Bien Placée O
65%
Lettre de l'Alphabet F
63%
Lettre de l'Alphabet Q
62%
Capitale Mystère Santiago
62%
Lettre Bien Placée T
62%
Aucun quiz correspondant
Distribution des résultats
% des personnes avec chaque résultat
Percentile par nombre de réponses
Votre historique - résultats
Vous n’avez pas pris ce quiz